महाभारत ज्ञान कोश (Record no. 114292)
[ view plain ]
| 000 -LEADER | |
|---|---|
| fixed length control field | 01037nam a2200265Ia 4500 |
| 003 - CONTROL NUMBER IDENTIFIER | |
| control field | OSt |
| 005 - DATE AND TIME OF LATEST TRANSACTION | |
| control field | 20220918110728.0 |
| 008 - FIXED-LENGTH DATA ELEMENTS--GENERAL INFORMATION | |
| fixed length control field | 220915b |||||||| |||| 00| 0 san d |
| 020 ## - INTERNATIONAL STANDARD BOOK NUMBER | |
| International Standard Book Number | 9788183901666 (hbk) |
| 037 ## - SOURCE OF ACQUISITION | |
| Terms of availability | Reference Collections |
| 040 ## - CATALOGING SOURCE | |
| Original cataloging agency | ARTS |
| Transcribing agency | ARTS |
| Language of cataloging | san |
| 041 ## - LANGUAGE CODE | |
| Source of code | san |
| Language code of text/sound track or separate title | san |
| 100 ## - MAIN ENTRY--PERSONAL NAME | |
| Personal name | मुद्गिल, श्रीकृष्ण, ले. |
| 9 (RLIN) | 9227 |
| 245 #0 - TITLE STATEMENT | |
| Title | महाभारत ज्ञान कोश |
| 246 ## - VARYING FORM OF TITLE | |
| Title proper/short title | Mahābhārat jnyān kosha |
| 260 ## - PUBLICATION, DISTRIBUTION, ETC. | |
| Place of publication, distribution, etc. | दिल्ली |
| Name of publisher, distributor, etc. | अभिषेेक प्रकाशन भारत |
| Date of publication, distribution, etc. | 2017 |
| 490 ## - SERIES STATEMENT | |
| Volume/sequential designation | भाग 1 |
| 650 ## - SUBJECT ADDED ENTRY--TOPICAL TERM | |
| Topical term or geographic name entry element | महाभारत |
| 9 (RLIN) | 9228 |
| 942 ## - ADDED ENTRY ELEMENTS (KOHA) | |
| Classification part | O15,1A2k, 152Q7.1-.5(RR) |
| Koha item type | Reference |
| Withdrawn status | Lost status | Damaged status | Not for loan | Home library | Current library | Date acquired | Source of acquisition | Serial Enumeration / chronology | Total Checkouts | Full call number | Barcode | Date last seen | Price effective from | Koha item type |
|---|---|---|---|---|---|---|---|---|---|---|---|---|---|---|
| Arts Library | Arts Library | 2022-09-18 | 300, 09/03/2017, Eastern Book Linkers | भाग 1 | O15,1A2k 152Q7.1-.5(RR) | AL1630555 | 2022-09-18 | 2022-09-18 | Reference |
